Mapping India: Transitions And Transformations18th -19th Century (Record no. 357585)

MARC details
000 -LEADER
fixed length control field 00496nam a22001817a 4500
005 - DATE AND TIME OF LATEST TRANSACTION
control field 20240313145639.0
008 - FIXED-LENGTH DATA ELEMENTS--GENERAL INFORMATION
fixed length control field 240313b |||||||| |||| 00| 0 eng d
020 ## - INTERNATIONAL STANDARD BOOK NUMBER
International Standard Book Number 9780367 896362
041 ## - LANGUAGE CODE
Language code of text/sound track or separate title eng
082 ## - DEWEY DECIMAL CLASSIFICATION NUMBER
Classification number 720.9
Item number DUT
100 ## - MAIN ENTRY--PERSONAL NAME
Author Dutta S.
245 ## - TITLE STATEMENT
Title Mapping India: Transitions And Transformations18th -19th Century
260 ## - PUBLICATION, DISTRIBUTION, ETC.
Place of publication, distribution, etc. London
Name of publisher, distributor, etc. Routledge
Date of publication, distribution, etc. 2020
300 ## - PHYSICAL DESCRIPTION
Extent 280p
Other physical details Hb
Dimensions 23.5 x 16
365 ## - TRADE PRICE
Price type code INR
Price amount 995..00
Currency code Rupaye
500 ## - GENERAL NOTE
Keywords Figgures<br/>Table
942 ## - ADDED ENTRY ELEMENTS (KOHA)
Koha item type Books
Holdings
Withdrawn status Lost status Source of classification or shelving scheme Damaged status Not for loan Home library Current library Date acquired Vendor Budget Code Net Price Bill number Full call number Barcode Date last seen Discount Actual Price Bill Date Koha item type
    Dewey Decimal Classification     Dr. Bhanuben Nanavati College of Architecture Dr. Bhanuben Nanavati College of Architecture 13/03/2024 Word Book Shop B Arch 626.85 2478 720.9 DUT BNCA-BK-12632 13/03/2024 37% 995.00 06/03/2024 Books